000 00560nam a2200229Ia 4500
003 OSt
005 20220918180428.0
006 a|||||r|||| 00| 0
007 ta
008 220917b |||||||| |||| 00| 0 eng d
024 _a22,307
037 _cTextual
040 _aARTS
_cARTS
_beng
041 _2eng
_aeng
082 _aO:3N072:1, J4
100 _aMichener James A
_912642
245 0 _aSayonara
260 _c1954
650 _aENGLISH LITERATURE
942 _hO:3N072:1, J4
_cTEXL
_2CC
999 _c161546
_d161546